000 00520nam a2200181 4500
001 107604
003 ES-MaACL
005 20230906184444.0
007 t|
008 061121s1972 sp r ||||1| spa d
100 1 _aMorton, R.S.
_983731
245 1 0 _aEnfermedades venéreas /
_cR.S. Morton; traducido por Mercedes Tallada.
250 _a1ª. ed.
260 _aBarcelona :
_bFontanella,
_c1972.
300 _a257 p. ;
_c19 cm.
700 1 _aTallada Serra, Mercedes.
_9109127
852 _aES-MaACL
_jC-52192
_bR.83340
999 _c107604
_d107604